Ekonomické dopady rizikového "venture" kapitálu v SR

Jednou z možností financovania projektov je rizikový "venture" kapitál. Vo vyspelých ekonomikách rizikový kapitál predstavuje významnú oblasť podnikania, takže získal označenie venture capital industry. Možnosti získania rizikového kapitálu, jeho dopad na slovenskú ekonomiku. Porovnanie s inými alte...

Ausführliche Beschreibung

Gespeichert in:
Bibliographische Detailangaben
1. Verfasser: Füzyová, Ľubica
Format: Buchkapitel
Sprache:Slowakisch
Schlagworte:
Tags: Tag hinzufügen
Keine Tags, Fügen Sie das erste Tag hinzu!

MARC

LEADER 00000naa$a2200000$$$4500
001 0022015
005 20221128120819.2
041 0 |a slo 
044 |a SK 
245 1 0 |a Ekonomické dopady rizikového "venture" kapitálu v SR  |c Ľubica Füzyová 
520 |a Jednou z možností financovania projektov je rizikový "venture" kapitál. Vo vyspelých ekonomikách rizikový kapitál predstavuje významnú oblasť podnikania, takže získal označenie venture capital industry. Možnosti získania rizikového kapitálu, jeho dopad na slovenskú ekonomiku. Porovnanie s inými alternatívami financovania. Situácia na trhu rizikového kapitálu na Slovensku. Investori rizikového kapitálu. 
610 2 0 |a kapitál rizikový 
610 2 0 |a financovanie 
610 2 0 |a podnikanie rizikové 
610 2 0 |a projekty 
610 2 0 |a Slovensko 
610 2 0 |a krajiny vyspelé 
610 2 0 |a investície rozvojové 
610 2 0 |a zdroje finančné 
100 1 |a Füzyová, Ľubica